000 00500nam a2200193 a 4500
001 BRCA_6127
005 20190320205337.0
008 040711s1908----gw-a######---#000-0#ger-#
041 _ager
044 _agw
050 4 _aPT2642 H58
_b.B75
_c1908
245 1 0 _aBriefwechsel eines bayrischen Landtagsabgeordneten.
_cLudwig Thomas.
260 _aMĂșnich
_bA. Langen
_c1908
300 _a131 p.
_bil.
_c19 cm.
500 _aI32
650 1 4 _aLiteratura Alemana
_96160
902 _aGFM
942 _2lcc
_cB
999 _c5814
_d5814